The Merchant Shipping Act,1958 (Act No 44of 1958) (Record no. 245627)

MARC details
000 -LEADER
fixed length control field 00490nam a2200193Ia 4500
008 - FIXED-LENGTH DATA ELEMENTS--GENERAL INFORMATION
fixed length control field 240913s9999||||xx |||||||||||||| ||und||
020 ## - INTERNATIONAL STANDARD BOOK NUMBER
International Standard Book Number 81-7598-065-6
082 ## - DEWEY DECIMAL CLASSIFICATION NUMBER
-- 343.096
100 ## - MAIN ENTRY--PERSONAL NAME
Personal name Sterling Book House
245 #4 - TITLE STATEMENT
Title The Merchant Shipping Act,1958 (Act No 44of 1958)
250 ## - EDITION STATEMENT
Edition statement 1st
260 ## - PUBLICATION, DISTRIBUTION, ETC. (IMPRINT)
Date of publication, distribution, etc 2003
Name of publisher, distributor, etc Sterling Pub.,New
Place of publication, distribution, etc New Delhi
500 ## - GENERAL NOTE
General note REFERENCE
650 ## - SUBJECT ADDED ENTRY--TOPICAL TERM
Topical term or geographic name as entry element Shipping
942 ## - ADDED ENTRY ELEMENTS (KOHA)
Item type Reference
Holdings
Withdrawn status Lost status Damaged status Permanent location Current location Shelving location Date acquired Source of acquisition Cost, normal purchase price Full call number Barcode Date last seen Koha item type
      CENTRAL LIBRARY, NOORUL ISLAM CENTRE FOR HIGHER EDUCATION CENTRAL LIBRARY, NOORUL ISLAM CENTRE FOR HIGHER EDUCATION   04/09/2007 Sterling,Mumbai 150.00 343.096 30473 09/13/2024 Reference
Visitors:
Copyright © 2024 Central Library NICHE.  All rights reserved.